|
|
|
|
| LEADER |
00000nam a2200000 a 4500 |
| 001 |
vtls001457008 |
| 003 |
SK-MaSNL |
| 005 |
20260301104116.0 |
| 008 |
240318s2002 xo a slo |
| 015 |
|
|
|a SNBA2003/08-02703
|
| 020 |
|
|
|a 8070999322
|
| 035 |
|
|
|a SNK000412315
|
| 035 |
|
|
|a urn:nbn:sk:snk-amygzp
|
| 035 |
|
|
|a urn:nbn:sk:snk-am00ck96
|
| 035 |
|
|
|a B749FD89-DAB5-4FBB-A87E-27275BE3AD17
|
| 040 |
|
|
|a SNK
|b slo
|c SNK
|e AACR2
|
| 041 |
0 |
|
|a slo
|
| 044 |
|
|
|a xo
|c SK
|
| 072 |
|
7 |
|a 519
|2 konspekt
|
| 080 |
|
|
|a 519.7(075.8)
|2 2. slo
|
| 080 |
|
|
|a 519.71
|2 1981
|
| 080 |
|
|
|a (075.8)
|2 1981
|
| 100 |
1 |
|
|a Dorčák, Ľubomír
|4 aut
|9 10488
|
| 245 |
1 |
0 |
|a Teória riadenia
|n 1
|c Ľubomír Dorčák, Ján Terpák, Františka Dorčáková
|
| 250 |
|
|
|a 1. vyd.
|
| 260 |
|
|
|a Košice
|b Technická univerzita
|c 2002
|
| 300 |
|
|
|a 208 s.
|b sch., tab.
|c 29 cm
|
| 504 |
|
|
|a Bibliogr. s. 195-196. Zoz. obr. a tab.
|
| 650 |
0 |
7 |
|a teória riadenia
|2 SNKPH
|9 1152
|
| 655 |
|
7 |
|a učebnice vysokých škôl
|2 SNKPH
|9 70191
|
| 700 |
1 |
|
|a Terpák, Ján
|4 aut
|9 10974
|
| 700 |
1 |
|
|a Dorčáková, Františka
|4 aut
|9 26469
|
| 919 |
|
|
|a 80-7099-932-2
|
| 958 |
0 |
7 |
|a NB
|
| 968 |
|
|
|d 51
|
| 999 |
|
|
|c 697265
|d 699195
|
| 952 |
|
|
|t P60, <03>, [BOOK], {603}
|a SNK
|b SNK
|y PREZ
|7 0
|p 17A0391529
|o snkSB 66965
|i snkKSP 8782/2003
|0 0
|1 0
|4 0
|d 2003-07-22
|f 1
|l 0
|r 2025-04-23 00:00:00
|w 2026-02-23
|
| 952 |
|
|
|t P60, <04>, [BOOK], {604}
|a SNK
|b SNK
|y VYP
|7 0
|p 17A0391528
|o snkSB 66965 D1
|i snkKSP 8783/2003
|0 0
|1 0
|4 0
|d 2003-07-22
|l 0
|r 2005-01-02 00:00:00
|w 2026-02-23
|